Statistiche per Cessioni più costose - Barcellona

Clicka qui per fare il quiz!

Statistiche generali

  • Questo quiz è stato fatto 16 volte
  • Il punteggio medio è 14 su 20

Statistiche sulle risposte

Costo (M €)ANazioneAnnoCalciatore% Corretto
42,50ArsenalCile2014Alexis Sánchez
100%
222Paris Saint-GermainBrasile2017Neymar
100%
76JuventusBrasile2020Arthur Melo
94%
60Real MadridPortogallo2000Luís Figo
94%
24MilanSvezia2011Zlatan Ibrahimović
94%
26,50InterBrasile1997Ronaldo
88%
30Manchester CityCosta d'Avorio2010Yaya Touré
88%
24,15MilanBrasile2008Ronaldinho
81%
42Guangzhou FCBrasile2019Paulinho
75%
33ChelseaSpagna2014Cesc Fàbregas
63%
40Zenit San PietroburgoBrasile2019Malcom
63%
30,25EvertonColombia2018Yerry Mina
63%
25EvertonPortogallo2019Andrè Gomes
56%
32WolverhamptonPortogallo2020Nélson Semedo
56%
25Bayern MonacoSpagna2013Thiago Alcantara
56%
25TottenhamBrasile2021Emerson Royal
50%
21Borussia DortmundSpagna2019Paco Alcácer
50%
27ChelseaSpagna2015Pedro
44%
35ValenciaPaesi Bassi2019Jasper Cillessen
31%
20,50EvertonFrancia2018Lucas Digne
31%

Distribuzione punteggi

Percentile per numero di risposta

Percentuale di utenti per punteggio

I tuoi punteggi nel tempo

Non hai fatto questo quiz